What's that Wiki? - Statistics

General Stats
  • This quiz has been taken 20 times
  • The average score is 7 of 17
Answer Stats
Name Area of Focus % Correct
Autopedia Cars
90%
Wookieepedia Star Wars
70%
Wiktionary Dictionary
65%
Fantendo Nintendo
65%
WikiHow How-to-do-it
55%
The One Wiki to Rule Them All Lord of the Rings
50%
Dunderpedia The Office TV Show
50%
Wikitubia YouTube
50%
Bulbapedia Pokémon
45%
Ballotpedia US Politics
40%
Brickipedia LEGO
35%
Conservapedia Conservative opinions
30%
Wikidoc Medicine
25%
Wikiversity Self-directed Learning
25%
Wowpedia Warcraft
15%
Familypedia Geneology
10%
Wikisource Library
10%
No matching quizzes found
Score Distribution
Percent of People with Each Score
Percentile by Number Answered
Your Score History
You have not taken this quiz